000
00238nam a2200097Ia 4500
008
220204s9999 xx 000 0 und d
082
_b
ICS
245
0
_a
Social sciences in professional education
260
_a
New Delhi
_b
ICSSR
942
_c
BK
999
_c
27717
_d
27717